Statistics for Titans of greek mythology

Click here to take the quiz!

General Stats

  • This quiz has been taken 216 times
  • The average score is 9 of 22

Answer Stats

AttributeTitan/Titaness% Correct
King of titansCronos
72%
EarthGaea
72%
SunHelios
72%
OceanOceanus
67%
MoonSelene
65%
Sky pillarAtlas
61%
MotherhoodRhea
58%
MagicHecate
55%
SkyOuranos
55%
DawnEos
54%
AnticipationPrometheus
42%
Sky lightHyperion
41%
JusticeThemis
35%
MemoryMnemosyne
31%
Cosmic pillarIapetus
30%
AfterthoughtEpimetheus
27%
LightPhoebe
25%
StarsCrius
22%
SightTheia
22%
RiversTethys
20%
DestructionPerses
14%
IntelligenceCeus
7%

Score Distribution

Percentile by Number Answered

Percent of People with Each Score

Your Score History

You have not taken this quiz